000 00620nam a2200229Ia 4500
003 OSt
005 20220928115651.0
006 a|||||r|||| 00| 0
007 ta
008 220927b |||||||| |||| 00| 0 eng d
024 _a42733
037 _cTextual
040 _aSDCL
_cSDCL
_beng
041 _2eng
_aeng
082 _aV2-3'M, 152L6
100 _aSingh Hira Lal
_9445415
245 0 _aBharat mein British raj ki samasyayen aur nitiyan
260 _aNew Delhi
_bMacmillan
_c1976
300 _axi,297p
_ccm.
942 _hV2-3'M, 152L6
_cTEXL
_2CC
999 _c760364
_d760364